000 00861nas a2200301 4500
001 BR0806081
003 BR-BrBNA
005 20231205112125.0
007 ta
008 230509b bl.|||p| |||| 00| 00por d
040 _aBR-BrBNA
_bpor
_cBiblioteca Nacional de Agricultura
041 _a(Pt)
072 _aP40; F63
100 1 _aNicioli, P.M.
100 1 _aPaiva, R.
100 1 _aNogueira, R.C.
100 1 _aSantana, J.R.F. de
100 1 _aSilva, L.C.
100 1 _aSilva, D.P.C. da
100 1 _aPorto, J.M.P.
245 1 _aAjuste do processo de micropagação de barbatimão
650 _aMICROPROPAGAÇÃO
650 _aBARBATIMÃO
650 _aACLIMATIZAÇÃO
773 0 _tCiência Rural (Brazil)
_xISSN 0103-8478
_g(May-Jun 2008), v. 38(3) p. 685-689
_wBR0806081
909 _a202311
_bLúcia
_c55
_dLúcia Elande
942 _2AGRIS
_n0
_cANA
999 _c196209
_d196209